000 01738nam a2200481 i 4500
001 55371
003 KOSZ 005
005 20220927140004.0
008 080314s2008 pl a f |001 0 pol
015 _aPB 2008/7282
020 _a9788372518255
035 _a(OCoLC)831317043
040 _aWA N
_cWA N
_dKOSZ 005/HR
046 _k2003
080 _a657.6
080 _a657.41/.45
080 _a346.52(438)
080 _a347.728.1(438)
080 _a(07)
245 0 0 _aSprawozdanie finansowe bez tajemnic :
_brachunkowość finansowa w praktyce : praca zbiorowa /
_cpod red. Gertrudy Krystyny Świderskiej i Wojciecha Więcława ; [aut. Gertruda Krystyna Świderska et al.].
250 _aWyd. 3.
260 _aWarszawa :
_bManagement Accounting Consulting :
_bCentrum Doradztwa i Informacji Difin,
_c2008.
300 _a789 s. wiele liczb. :
_bil. ;
_c23 cm.
336 _2rdacontent
_aTekst
_btxt
337 _2rdamedia
_aBez urządzenia pośredniczącego
_bn
338 _2rdacarrier
_aWolumin
_bnc
380 _aKsiążki.
380 _aPublikacje dydatyczne.
380 _aPublikacje fachowe.
388 _a2001-
504 _aBibliogr. przy rozdz. Indeks.
650 4 _aPrawo
650 4 _aSprawozdawczość finansowa
650 4 _aRachunkowość finansowa
655 4 _aPraca zbiorowa
655 4 _aPodręcznik
658 _aGospodarka, ekonomia, finanse
700 1 _aŚwiderska, Gertruda Krystyna
_d(1942- )
_eAutor
_eRedakcja
700 1 _aWięcław, Wojciech
_d(1972- )
_eRedakcja
710 2 _aDifin
_4pbl.
856 _uhttp://koha.tu.koszalin.pl/cgi-bin/koha/opac-detail.pl?biblionumber=55371
_yKatalog online BPK
942 _2UKD
_cKS
999 _c55371
_d55371